[Event "AUTO-OPEN-439"]
[Site "http://www.queenalice.com/game.php?id=124778"]
[Date "2006.11.3"]
[Round "1"]
[White "Chamnix"]
[Black "rodri"]
[Result "1-0"]
[WhiteElo "1969"]
[BlackElo "1555"]

1. e4 e5 2. Nf3 Nc6 3. d4 d6 4. dxe5 Nxe5 5. Nxe5 dxe5 6. Qxd8+ Kxd8 7. Bc4 Be6
8. Bxe6 fxe6 9. Be3 Nf6 10. f3 Bd6 11. Nd2 Kd7 12. O-O-O Rad8 13. Nc4 Kc8 14.
Rd3 Rhg8 15. Rhd1 Ne8 16. Nxe5 Nf6 17. Nf7 Be7 18. Nxd8 Rxd8 19. Rxd8+ Bxd8 20.
Bg5 h6 21. Bh4 b6 22. e5 g5 23. exf6 gxh4 24. f7 Be7 25. Rd3 c5 26. Kd2 c4 27.
Rd4 b5 28. Ke3 e5 29. Rd5 Kc7 30. Ke4 1-0

[Event "AUTO-OPEN-439"]
[Site "http://www.queenalice.com/game.php?id=124779"]
[Date "2006.11.3"]
[Round "1"]
[White "rodri"]
[Black "Chamnix"]
[Result "0-1"]
[WhiteElo "1555"]
[BlackElo "1894"]

1. e4 c5 2. Nf3 d6 3. Bc4 Nc6 4. O-O e6 5. d4 cxd4 6. Nxd4 Nf6 7. Nc3 Be7 8. Bf4
Nxd4 9. Qxd4 e5 10. Bb5+ Bd7 11. Bxd7+ Nxd7 12. Qd5 exf4 13. Qf5 O-O 14. Qxf4
Rc8 15. Rad1 Ne5 16. Nb5 Rxc2 17. Rd2 Bg5 18. Qxe5 dxe5 19. Rxd8 Rxd8 20. Rb1
Rdd2 21. Nc3 Rxf2 0-1

[Event "AUTO-OPEN-439"]
[Site "http://www.queenalice.com/game.php?id=124792"]
[Date "2006.11.3"]
[Round "1"]
[White "rodri"]
[Black "braseiko"]
[Result "0-1"]
[WhiteElo "1553"]
[BlackElo "1856"]

1. e4 c5 2. Nf3 Nc6 3. Bc4 e6 4. O-O a6 5. d4 cxd4 6. Nxd4 Nf6 7. Nc3 Bb4 8. Qd3
Ne5 9. Qe2 Qb6 10. Be3 Bxc3 11. bxc3 Neg4 12. Rab1 Qc7 13. g3 Nxe3 14. fxe3 O-O
15. Rb4 Nxe4 16. Qd3 d5 17. Bb3 b5 18. a4 Bd7 19. axb5 axb5 20. Nxb5 Bxb5 21.
Qxb5 Nxg3 22. hxg3 Qxg3+ 23. Kh1 Rac8 24. c4 Qh3+ 25. Kg1 Qxe3+ 26. Rf2 dxc4 27.
Bxc4 Rfd8 0-1

[Event "AUTO-OPEN-439"]
[Site "http://www.queenalice.com/game.php?id=124793"]
[Date "2006.11.3"]
[Round "1"]
[White "braseiko"]
[Black "rodri"]
[Result "1-0"]
[WhiteElo "1894"]
[BlackElo "1549"]

1. d4 d5 2. Nf3 Nc6 3. e3 Nf6 4. c4 e6 5. Qc2 Nb4 6. Qd1 Bd6 7. c5 Be7 8. a3 Nc6
9. Bd3 O-O 10. Nc3 b6 11. b4 a5 12. Bd2 Ng4 13. b5 Na7 14. c6 Qd6 15. e4 dxe4
16. Nxe4 Qd5 17. O-O Nxb5 18. Bxb5 Qxb5 19. Bg5 Bd6 20. h3 Qxc6 21. Nxd6 Qxd6
22. hxg4 c5 23. dxc5 Qxc5 24. Be3 Qb5 25. Rb1 Qa6 26. Rxb6 Qc4 27. Qd4 Qc7 28.
Rfb1 Bd7 29. Ne5 Bc8 30. Qe4 Bd7 31. Rb7 1-0

[Event "QA-ANNIV-01"]
[Site "http://www.queenalice.com/game.php?id=128177"]
[Date "2006.11.11"]
[Round "6"]
[White "rodri"]
[Black "NextFuture"]
[Result "0-1"]
[WhiteElo "1557"]
[BlackElo "2083"]

1. e4 c5 2. Nf3 Nc6 3. d4 cxd4 4. Nxd4 e6 5. Nxc6 bxc6 6. Nc3 d5 7. exd5 exd5 8.
Be3 Nf6 9. Bd3 d4 10. Bxd4 Qxd4 11. O-O Be6 12. Qe2 Bd6 0-1

[Event "LIGA 2006"]
[Site "http://www.queenalice.com/game.php?id=133129"]
[Date "2006.11.24"]
[Round "1"]
[White "rodri"]
[Black "doriam"]
[Result "0-1"]
[WhiteElo "1542"]
[BlackElo "1704"]

1. e4 d5 2. Nc3 d4 3. Nd5 e5 4. c3 c6 5. Nb4 Nf6 6. d3 dxc3 7. bxc3 Qa5 8. Nf3
Bxb4 9. cxb4 Qxb4+ 10. Bd2 Qd6 11. Be2 h6 12. O-O Nbd7 13. Be3 g5 14. d4 Nxe4
15. Qd3 Nef6 16. Rac1 e4 17. Qb3 exf3 18. Bxf3 O-O 19. a4 Nb6 20. Rfd1 Be6 21.
Qc2 Nbd5 22. Bxd5 Bxd5 0-1

[Event "LIGA 2006"]
[Site "http://www.queenalice.com/game.php?id=243447"]
[Date "2007.7.21"]
[Round "2"]
[White "rodri"]
[Black "crister"]
[Result "0-1"]
[WhiteElo "1532"]
[BlackElo "1800"]

1. e4 e5 2. Nf3 d6 3. Nc3 Nf6 4. Bc4 Be7 5. O-O O-O 6. d3 Bg4 7. Be3 c6 8. h3
Bxf3 9. Qxf3 b5 10. Bb3 Nbd7 11. a4 b4 12. Na2 a5 13. c3 c5 14. d4 Qb6 15. dxc5
dxc5 16. Qf5 Qc6 17. Bc2 c4 18. cxb4 axb4 0-1

[Event "sin estress"]
[Site "http://www.queenalice.com/game.php?id=308315"]
[Date "2007.11.22"]
[Round "-"]
[White "rodri"]
[Black "merlos"]
[Result "0-1"]
[WhiteElo "1527"]
[BlackElo "1929"]

1. e4 e5 2. Nf3 Nf6 3. Bc4 Bc5 4. O-O O-O 5. Nc3 d6 6. Qe1 Bg4 7. d3 Bxf3 8.
gxf3 Nc6 9. Bg5 Nd4 10. Qd1 c6 11. Be3 Nh5 12. Bxd4 Nf4 13. Ne2 Qg5+ 14. Ng3
Bxd4 15. c3 Bb6 16. b4 h5 17. d4 h4 18. dxe5 hxg3 19. hxg3 Qxg3+ 20. Kh1 Qg2#
0-1

[Event "sin prisas..."]
[Site "http://www.queenalice.com/game.php?id=308316"]
[Date "2007.11.22"]
[Round "-"]
[White "rodri"]
[Black "ayrton"]
[Result "0-1"]
[WhiteElo "1525"]
[BlackElo "1888"]

1. e4 e5 2. Nf3 Nc6 3. Nc3 Bc5 4. Bc4 Qf6 5. O-O Nge7 6. d3 O-O 7. Bg5 Qg6 8.
Nxe5 Qxg5 9. Nxc6 Nxc6 10. Nd5 Bd6 11. Qf3 Nd4 12. Qd1 c6 13. Ne3 Bf4 14. g3
Bxe3 15. h4 Bxf2+ 16. Rxf2 Qxg3+ 17. Rg2 Qxh4 18. c3 Ne6 19. Qf3 b5 20. Bxe6
fxe6 21. Qe2 d5 22. Rf1 Rxf1+ 23. Qxf1 e5 24. Rf2 Bh3 25. Qe2 Qg3+ 26. Rg2 Bxg2
27. Qxg2 Qxg2+ 0-1

[Event "Challenge"]
[Site "http://www.queenalice.com/game.php?id=1138247"]
[Date "2013.1.7"]
[Round "-"]
[White "Vivianna"]
[Black "rodri"]
[Result "0-1"]
[WhiteElo "1409"]
[BlackElo "1533"]

1. d4 d5 2. Nc3 Nf6 3. Nf3 Nc6 4. Ne5 Nxe5 5. dxe5 Ng4 6. Be3 Nxe3 7. fxe3 f6 8.
Nxd5 fxe5 9. e4 c6 10. Nc3 Qb6 11. Qd2 Qxb2 12. Rd1 Qb6 13. Na4 Qc7 14. Nc5 e6
15. Nxe6 Bxe6 16. a3 Bxa3 17. e3 O-O 18. Bd3 Qf7 19. Rf1 Qh5 20. h3 Rad8 21. Be2
Qh4+ 22. g3 Qxg3+ 23. Rf2 Qxf2# 0-1

[Event "AUTO-INT-2527"]
[Site "http://www.queenalice.com/game.php?id=1138468"]
[Date "2013.1.8"]
[Round "1"]
[White "od_xavier"]
[Black "rodri"]
[Result "0-1"]
[WhiteElo "1484"]
[BlackElo "1539"]

1. e4 e5 2. Nf3 Nc6 3. Bc4 Nf6 4. O-O Nxe4 5. Re1 d5 6. Bb5 Bd6 7. d3 Nf6 8.
Nxe5 O-O 9. Nxc6 bxc6 10. Bxc6 Rb8 11. Bg5 Bb7 12. Bxb7 Rxb7 13. b3 c6 14. Nd2
Bb4 15. Qf3 Bxd2 16. Bxd2 c5 17. c4 Rd7 18. Rad1 dxc4 19. bxc4 Rxd3 20. Bg5 Rxd1
21. Rxd1 Qb6 22. h4 h6 23. Bxf6 Qxf6 24. Qxf6 gxf6 0-1

[Event "AUTO-INT-2527"]
[Site "http://www.queenalice.com/game.php?id=1138469"]
[Date "2013.1.8"]
[Round "1"]
[White "rodri"]
[Black "od_xavier"]
[Result "1-0"]
[WhiteElo "1524"]
[BlackElo "1499"]

1. e4 e5 2. Nf3 Nc6 3. Bb5 Nf6 4. O-O Bc5 5. Nc3 O-O 6. d3 a6 7. Bxc6 dxc6 8.
Nxe5 Re8 9. Bf4 h6 10. Na4 Bd4 11. Nf3 Bg4 12. c3 Ba7 13. h3 Bxf3 14. Qxf3 b5
15. Qg3 g5 16. Bxc7 Qd7 17. Nb6 Bxb6 18. Bxb6 Rab8 19. Bd4 Qe7 20. Rae1 c5 21.
Bxf6 Qxf6 22. e5 Qf5 23. d4 cxd4 24. cxd4 Qc2 25. Rb1 1-0

[Event "AUTO-INT-2527"]
[Site "http://www.queenalice.com/game.php?id=1138484"]
[Date "2013.1.8"]
[Round "1"]
[White "bdpq"]
[Black "rodri"]
[Result "1-0"]
[WhiteElo "1752"]
[BlackElo "1531"]

1. e4 e5 2. d4 exd4 3. Qxd4 Nc6 4. Qd1 Bc5 5. Bb5 Nf6 6. Bg5 O-O 7. Bxc6 dxc6 8.
Nf3 h6 9. Bxf6 Qxf6 10. Nc3 Bb4 11. O-O Bg4 12. a3 Bxc3 13. bxc3 Qxc3 14. h3
Bxf3 15. Qxf3 Qxc2 16. Rfc1 Qa4 17. Qf4 c5 18. Rxc5 c6 19. Rac1 Qxa3 20. R5c3
Qb4 21. Rg3 g5 22. Qh4 Rae8 23. Qxh6 f6 24. f4 Qd4+ 25. Kh2 Kf7 26. f5 Rh8 27.
Qg6+ Kf8 28. Rcc3 Rxe4 29. Rcd3 Qb6 30. Qxf6+ Ke8 31. Qxh8+ Ke7 32. Qg7+ Ke8 33.
Rd7 1-0

[Event "AUTO-INT-2527"]
[Site "http://www.queenalice.com/game.php?id=1138485"]
[Date "2013.1.8"]
[Round "1"]
[White "rodri"]
[Black "bdpq"]
[Result "0-1"]
[WhiteElo "1544"]
[BlackElo "1615"]

1. e4 d5 2. Nc3 d4 3. Nd5 e5 4. Nf3 Bg4 5. c3 dxc3 6. dxc3 Nc6 7. Bb5 a6 8. Be2
Qd6 9. O-O O-O-O 10. c4 Nf6 11. Bg5 Kb8 12. Rc1 h6 13. c5 Qe6 14. Be3 Nxe4 15.
Bc4 Na5 16. b3 Ng5 17. Bxg5 hxg5 18. h3 Bxh3 19. Nxg5 Qg6 20. Nxh3 Rxh3 21. Qe2
Bxc5 22. Ne7 Qg5 23. g3 Qh6 24. Qf3 Rh8 25. Bd5 Bxe7 26. Rfe1 f5 27. Rxe5 Qxc1+
0-1

[Event "AUTO-INT-2527"]
[Site "http://www.queenalice.com/game.php?id=1138494"]
[Date "2013.1.8"]
[Round "1"]
[White "gambittree3"]
[Black "rodri"]
[Result "0-1"]
[WhiteElo "1262"]
[BlackElo "1528"]

1. e4 e5 2. Nf3 Nc6 3. d4 Bd6 4. c3 Nf6 5. Bg5 O-O 6. Bxf6 Qxf6 7. d5 Na5 8. b4
b6 9. Bd3 Nb7 10. O-O c6 11. dxc6 dxc6 12. Na3 c5 13. Nc4 cxb4 14. g3 Bg4 15.
Be2 bxc3 16. h3 Bxh3 17. Rc1 b5 18. Nxd6 Nxd6 19. Rxc3 Bxf1 20. Bxf1 Nxe4 21.
Bxb5 Nxc3 22. Qc2 Nxb5 23. a4 Na3 24. Qe2 Rfe8 25. Nh4 e4 26. f4 exf3 27. Nxf3
Rxe2 0-1

[Event "AUTO-INT-2527"]
[Site "http://www.queenalice.com/game.php?id=1138495"]
[Date "2013.1.8"]
[Round "1"]
[White "rodri"]
[Black "gambittree3"]
[Result "1-0"]
[WhiteElo "1521"]
[BlackElo "1304"]

1. e4 c5 2. Nf3 f6 3. Bc4 e6 4. d4 Nc6 5. d5 b6 6. dxc6 Qe7 7. cxd7+ Bxd7 8. O-O
g5 9. e5 fxe5 10. Nxe5 Bc8 11. Bb5+ Bd7 12. Bxd7+ Qxd7 13. Qxd7# 1-0

[Event "AUTO-INT-2527"]
[Site "http://www.queenalice.com/game.php?id=1176887"]
[Date "2013.4.30"]
[Round "2"]
[White "rodri"]
[Black "bdpq"]
[Result "0-1"]
[WhiteElo "1565"]
[BlackElo "1642"]

1. e4 d5 2. Nc3 e6 3. Nf3 dxe4 4. Nxe4 Nc6 5. Bb5 Bd7 6. O-O Bb4 7. c3 Ba5 8. d4
Nf6 9. Re1 O-O 10. Bg5 a6 11. Bxf6 Qc8 12. b4 Bb6 13. Bh4 axb5 14. a3 f5 15. Nc5
Bxc5 16. dxc5 b6 17. Ng5 Ra7 18. Qh5 h6 19. Nf3 Be8 20. cxb6 cxb6 21. Qxe8 Rxe8
22. Bg3 Rf7 23. Bf4 Rd7 24. Rac1 Qa8 25. Nd4 Nxd4 26. cxd4 Qxa3 27. Bd2 Rxd4 28.
Ra1 Qd3 29. Be3 Rxb4 0-1

[Event "AUTO-INT-2527"]
[Site "http://www.queenalice.com/game.php?id=1176888"]
[Date "2013.4.30"]
[Round "2"]
[White "bdpq"]
[Black "rodri"]
[Result "0-1"]
[WhiteElo "1669"]
[BlackElo "1570"]

1. b4 e5 2. Bb2 Nc6 3. b5 Nd4 4. a4 c6 5. Bxd4 exd4 6. c3 dxc3 7. Nxc3 d5 8.
bxc6 bxc6 9. e3 Nf6 10. Bd3 d4 11. exd4 Qxd4 12. Nf3 Qxd3 13. Ne2 Bd6 14. O-O
O-O 15. Re1 Ne4 16. Rb1 Bc5 17. Kf1 Bxf2 18. Rb3 Qd5 19. Rd3 Qxd3 20. Ne5 Nxd2+
21. Kxf2 Ne4+ 22. Kg1 Qe3+ 23. Kf1 Qf2# 0-1

[Event "AUTO-INT-2527"]
[Site "http://www.queenalice.com/game.php?id=1176891"]
[Date "2013.4.30"]
[Round "2"]
[White "rodri"]
[Black "TON7"]
[Result "0-1"]
[WhiteElo "1577"]
[BlackElo "1687"]

1. e4 e5 2. Nf3 Nc6 3. Bc4 Nf6 4. Nc3 a6 5. a4 Bb4 6. Nd5 Nxe4 7. O-O O-O 8. d3
Nf6 9. c3 Bd6 10. Bg5 Be7 11. Re1 Nxd5 12. Bxd5 Bxg5 13. Nxe5 Nxe5 14. Rxe5 Bf6
15. Rf5 c6 16. Bf3 d5 17. Qe2 Bxf5 18. Bg4 Bxg4 19. Qxg4 Qd6 20. h3 d4 21. cxd4
Bxd4 22. Rb1 Qf6 23. Qe2 Rae8 24. Qd2 Qe6 25. b4 Qe2 26. Qf4 Qxd3 27. Rf1 Bc3
0-1

[Event "AUTO-INT-2527"]
[Site "http://www.queenalice.com/game.php?id=1176892"]
[Date "2013.4.30"]
[Round "2"]
[White "TON7"]
[Black "rodri"]
[Result "1-0"]
[WhiteElo "1674"]
[BlackElo "1590"]

1. e4 e5 2. Nf3 Nc6 3. Bb5 Bd6 4. Bxc6 dxc6 5. O-O Nf6 6. Nc3 O-O 7. a3 Be6 8.
d3 b5 9. Bg5 a6 10. d4 exd4 11. Nxd4 Qe7 12. Nxc6 Qd7 13. Nd4 c5 14. Bxf6 cxd4
15. Bxd4 Rac8 16. Nd5 Bxd5 17. exd5 Qf5 18. Bc3 a5 19. Qd4 Qg5 20. Bd2 Qh5 21.
Bf4 Rc4 22. Qd1 Bxf4 23. Qxh5 Rxc2 24. Qf5 Rc4 25. b3 Rd4 26. Rad1 Rxd1 27. Rxd1
1-0